Notes on hevea root diseases in North Sumatra (Record no. 46377)

MARC details
000 -LEADER
fixed length control field 00377nam a2200109Ia 4500
100 ## - MAIN ENTRY--AUTHOR NAME
Personal name Parnata J
245 #0 - TITLE STATEMENT
Title Notes on hevea root diseases in North Sumatra
260 ## - PUBLICATION, DISTRIBUTION, ETC. (IMPRINT)
Name of publisher Root Ddiseases: International Rubber Research and Development Board Liaison Meeting, 4 October 1972, Medan, Indonesia
Year of publication 1972
300 ## - PHYSICAL DESCRIPTION
Number of Pages 3-Jan
942 ## - ADDED ENTRY ELEMENTS (KOHA)
Koha item type Reprints
Holdings
Withdrawn status Lost status Damaged status Not for loan Home library Current library Date acquired Koha item type
      Reprints RRII Library RRII Library 22/12/2021 Reprints